00399nam a2200145Ia 4500003000400000008004100004040001600045082001700061100002000078245005400098260006300152300000800215650001800223650001200241GCL140319s9999 xx 000 0 eng d aGCL / cGCL04aCCb932bS L1 aSTROUHAL, EUGEN10aLIFE OF THE ANCIENT EGYPTIANS / cSTROUHAL, EUGEN a[S.N] : bTHE AMERICAN UNIVERSITY IN CAIRO PRESS ، c1992 a27904aANCIENT EGYPT04aHISTORY